Les Méga Evolutions - Le MégaDex - Statistiques

Statistiques générales
  • Ce quiz a été pris 66 fois
    28 depuis la dernière actualisation
  • Le résultat moyen est 75 sur 95
Statistiques - réponses
Type de quiz Réponse % Correct
Eau Méga Tortank
100%
Psy Méga Alakazam
90%
Eau/Dragon Méga Aligatueur
90%
Dragon/Fée Méga Altaria
90%
Plante/Glace Méga Blizzaroi
90%
Feu/Combat Méga Braségali
90%
Insecte/Poison Méga Brutapode
90%
Feu/Sol Méga Camerupt
90%
Dragon/Sol Méga Carchacrok
90%
Insecte/Acier Méga Cizayox
90%
Insecte/Poison Méga Dardargnan
90%
Ténèbres/Feu Méga Démolosse
90%
Feu/Dragon Méga Dracaufeu X
90%
Feu/Vol Méga Dracaufeu Y
90%
Dragon/Vol Méga Dracolosse
90%
Spectre/Poison Méga Ectoplasma
90%
Plante/Poison Méga Empiflor
90%
Combat/Vol Méga Étouraptor
90%
Eau/Psy Méga Flagadoss
90%
Plante/Poison Méga Florizarre
90%
Plante/Dragon Méga Jungko
90%
Normal Méga Kangourex
90%
Eau/Sol Méga Laggron
90%
Eau/Ténèbres Méga Léviator
90%
Normal/Combat Méga Lockpin
90%
Combat/Acier Méga Lucario
90%
Combat/Acier Méga Lucario Z
90%
Plante/Fée Méga Méganium
90%
Fée/Vol Méga Melodelfe
90%
Acier/Psy Méga Métalosse
90%
Psy/Combat Méga Mewtwo X
90%
Psy Méga Mewtwo Y
90%
Glace/Spectre Méga Momartik
90%
Roche/Vol Méga Ptéra
90%
Elektrik Méga Raichu X
90%
Elektrik Méga Raichu Y
90%
Feu/Combat Méga Roitiflam
90%
Insecte/Vol Méga Scarabrute
90%
Insecte/Combat Méga Scarhino
90%
Ténèbres/Spectre Méga Ténéfix
90%
Roche/Ténèbres Méga Tyranocif
90%
Ténèbres Méga Absol
80%
Ténèbres/Spectre Méga Absol Z
80%
Acier/Vol Méga Airmure
80%
Ténèbres/Combat Méga Baggaïd
80%
Plante/Combat Méga Blindépique
80%
Combat/Vol Méga Brutalibré
80%
Combat/Psy Méga Charmina
80%
Roche/Fée Méga Diancie
80%
Normal/Dragon Méga Draïeul
80%
Dragon/Vol Méga Drattak
80%
Electrik Méga Elecsprint
80%
Psy/Fée Méga Gardevoir
80%
Dragon/Glace Méga Glaivodo
80%
Sol/Spectre Méga Golemastoc
80%
Feu/Acier Méga Heatran
80%
Dragon/Psy Méga Latias
80%
Dragon/Psy Méga Latios
80%
Spectre/Feu Méga Lugulabre
80%
Sol/Acier Méga Minotaupe
80%
Acier/Fée Méga Mysdibule
80%
Normal/Fée Méga Nanméouïe
80%
Electrik Méga Ohmassacre
80%
Glace Méga Oniglali
80%
Electrik/Dragon Méga Pharamp
80%
Dragon/Vol Méga Rayquaza
80%
Normal/Vol Méga Roucarnage
80%
Eau/Ténèbres Méga Sharpedo
80%
Eau/Psy Méga Staross
80%
Acier/Sol Méga Steelix
80%
Eau/Ténèbres Méga Amphinobi
70%
Dragon Méga Carchakrok Z
70%
Combat/Glace Méga Crabominable
70%
Ténèbres Méga Darkrai
70%
Roche/Poison Méga Floréclat
70%
Acier Méga Galeking
70%
Psy/Combat Méga Gallame
70%
Feu/Psy Méga Goupelin
70%
Combat Méga Hexadron
70%
Feu/Normal Méga Némélios
70%
Sol/Feu Primo-Groudon
70%
Eau Primo-Kyogre
70%
Spectre Méga Branette
60%
Psy/Acier Méga Éoko
60%
Fée Méga Floette
60%
Roche/Combat Méga Golgopathe
60%
Poison/Dragon Méga Kravarech
60%
Ténèbres/Psy Méga Sépiatroce
60%
Dragon/Sol Méga Zygarde
60%
Psy Méga Mistigrix
50%
Dragon/Eau Méga Nigirigon
50%
Insecte/Acier Méga Sarmuraï
50%
Acier/Fée Méga Magearna
40%
Elektrik Méga Zeraora
40%
Plante/Feu Méga Scovillain
30%
Aucun quiz correspondant
Distribution des résultats
% des personnes avec chaque résultat
Percentile par nombre de réponses
Votre historique - résultats
Vous n’avez pas pris ce quiz depuis la dernière actualisation